000
00310nam a2200133Ia 4500
008
220803s9999 xx 000 0 und d
041
_a
eng
082
_a
891.46 MAR
100
_a
Marathe P
_9
25174
245
_a
Mee Jinknarach
260
_a
Pune
_b
Daimand Publication
_c
2014
300
_a
148p
500
_a
ARCHI
999
_c
16017
_d
16017